000
00304nam a2200133Ia 4500
100
_a
Feller
942
_c
BK
654
_a
probablity
245
_a
An Intrd. to Probablity theory & Its Applications
260
_b
Wiley Eastern Pvt. Ltd.
_c
2001
082
_a
519.2
300
_a
626
546
_a
ENGLISH
999
_c
28200
_d
28200